000 00313nam a22001457a 4500
003 SGT
020 _a9789371269674
082 _a343.052
_bSIN
100 _aSINGHANIA VINOD
245 _aDIRECT TAXES LAW AND PRACTICE
250 _a73
260 _aNEW DELHI
_bTAXMANN
_c2025
300 _a1706
942 _2ddc
_cBK
999 _c34103
_d34103